Statystyki dla Czy rozpoznasz najpopularniejsze modele samochodów?

Kliknij tutaj aby rozwiązać quiz!

Ogólne statystyki

  • Ten quiz został rozwiązany 204 razy
  • Średni wynik to 4 z 10

Statystyki odpowiedzi

MarkaMarka i model% Poprawnych
VolkswagenVolkswagen Passat
94%
VolkswagenVolkswagen Golf
91%
HondaHonda Civic
89%
ToyotaToyota Corolla
74%
HondaHonda Accord
42%
FordFord Escort
17%
VolkswagenVolkswagen Garbus
10%
ToyotaToyota Camry
7%
FordFord Model T
5%
ŁadaŁada 1200
3%

Rozkład punktacji

Percentyl według liczby udzielonych odpowiedzi

Procent ludzi z każdym wynikiem

Twoja historia wyników

Nie rozwiązałeś tego quizu